000 00474nam a2200157 a 4500
001 000027431
005 20240304195135.0
008 110331s1985 dr 000 0 spa d
040 _aDO-SdBNP
_bspa
_cBNPHU
082 _axxxx
_bP872r
100 1 _aPouerié Cordero, M. M.,
_q(Manuel María)
_d1922-2016
_960
245 1 0 _aReminiscencias dominicanas /
_cM. M. Pouerié Cordero.
260 _aSanto Domingo :
_bImpresora Mary,
_c1985.
300 _a115 p. ;
_c21.
049 _aBNPD
999 _c26923
_d26923